The architecture of Demas Nwoko
Uloženo v:
| Hlavní autor: | |
|---|---|
| Médium: | Kniha |
| Jazyk: | angličtina |
| Vydáno: |
Farafina,
2007
|
| Tagy: |
Přidat tag
Žádné tagy, Buďte první, kdo vytvoří štítek k tomuto záznamu!
|
MARC
| LEADER | 00000nam a22000007a 4500 | ||
|---|---|---|---|
| 008 | 210125b ||||| |||| 00| 0 eng d | ||
| 020 | |a 978-978-068-843-9 | ||
| 100 | |a GODWIN, John | ||
| 245 | |a The architecture of Demas Nwoko |c John Godwin [and] Gillian Hopwood |g 122p.; ill. | ||
| 260 | |b Farafina, |c 2007 |h Lagos: |i 691610 |i 691611 |l NA1599 .N53G54 |m Nwoko, Demas. |m Architecture – Nigeria – History – 20th Century. |m Architecture – Nigeria – History – 21st Century. | ||
| 500 | |a “It includes references and index”. | ||
| 942 | |a lcc |c BK |e Adeniran, F. A |f 25/01/2021 | ||
| 952 | |0 0 |1 0 |2 lcc |4 0 |7 0 |9 1742 |a HOL |b EDM |c LP |d 2021-01-25 |o NA1599 .N53G54 |p 2021-0519 |r 2021-01-25 00:00:00 |w 2021-01-25 |y BK | ||
| 952 | |0 0 |1 0 |2 lcc |4 0 |6 NA1599 N53 G54 |7 0 |9 1743 |a HOL |b HOL |c LP |d 2021-01-25 |l 0 |o NA1599 .N53G54 |p 2021-0520 |r 2021-01-25 00:00:00 |w 2021-01-25 |y BK | ||
| 999 | |c 922 |d 922 | ||